000 00469nam a2200169Ia 4500
008 230917s9999||||xx |||||||||||||| ||und||
020 _cUSD90
040 _e216267
_aMAIN
041 _aEnglish
082 _a361.4 C469G
100 _aConyne, Robert K
245 0 _aGroup work leadership: An introduction for helpers
260 _aLos Angeles
_bSage Publictions
_c2014
300 _axiii, 339 p.
500 _a1544 15/05/2014 33 16/05/2014 Main Budget
942 _cBK
999 _c11366
_d11366